Normal view
MARC view
- Sartre, Jean-Paul
Entry Personal Name
001 - CONTROL NUMBER
- control field: 34124
003 - CONTROL NUMBER IDENTIFIER
- control field: NUST
005 - DATE AND TIME OF LATEST TRANSACTION
- control field: 20201020153345.0
008 - FIXED-LENGTH DATA ELEMENTS
- fixed length control field: 201020|| aca||aabn | a|a d
040 ## - CATALOGING SOURCE
- Original cataloging agency: NUST
- Transcribing agency: NUST
100 ## - HEADING--PERSONAL NAME
- Personal name: Sartre, Jean-Paul
670 ## - SOURCE DATA FOUND
- Source citation: Work cat.: (NUST)1040: Sartre, Jean-Paul,, Being and nothingness /, 1994.
